Ford tough : Bill Ford and the battle to rebuild America’s automaker
Enregistré dans:
| Auteur principal: | |
|---|---|
| Format: | Livre |
| Langue: | Undetermined |
| Publié: |
Hoboken, N.J.
John Wiley & Sons
2005
|
| Sujets: | |
| Tags: |
Ajouter un tag
Pas de tags, Soyez le premier à ajouter un tag!
|
| Thư viện lưu trữ: | Trung tâm Học liệu Trường Đại học Cần Thơ |
|---|
| LEADER | 00597nam a2200217Ia 4500 | ||
|---|---|---|---|
| 001 | CTU_130826 | ||
| 008 | 210402s9999 xx 000 0 und d | ||
| 020 | |c 27.95 | ||
| 082 | |a 338.76292 | ||
| 082 | |b M191 | ||
| 100 | |a Magee, David | ||
| 245 | 0 | |a Ford tough : | |
| 245 | 0 | |b Bill Ford and the battle to rebuild America’s automaker | |
| 245 | 0 | |c David Magee | |
| 260 | |a Hoboken, N.J. | ||
| 260 | |b John Wiley & Sons | ||
| 260 | |c 2005 | ||
| 650 | |a Ford Motor Company,Ford, Bill | ||
| 650 | |x History,1957- | ||
| 904 | |i Giang | ||
| 980 | |a Trung tâm Học liệu Trường Đại học Cần Thơ | ||